লোডিং...

Corporate governance, ethics & social res

গ্রন্থ-পঞ্জীর বিবরন
প্রধান লেখক: Balachandran
প্রকাশিত: PHI 2012
LEADER 00190 a2200085 4500
100 |a Balachandran 
245 |a Corporate governance, ethics & social res 
260 |c 2012  |b PHI 
942 |c BK  |6 _ 
999 |c 68106  |d 68106